000 00505nam a22001697a 4500
005 20241127151743.0
008 241127b |||||||| |||| 00| 0 eng d
020 _a9780070110045
050 _aQD31.2
_b.C37
100 _aMills, Jerry
245 _aStudent Solutions Manual to accompany/
_bChang Chemistry
_cJerry Mills & Raymond Chang
250 _a5th ed.
260 _aNew York
_bMcGraw-Hill, INC.
_c1994
300 _avii.407p.
_bill.
_c27.5cm
700 _aChang, Raymond
942 _2lcc
_cBK
_e5th ed.
_n0
999 _c1633
_d1633